000
00297nam a2200121Ia 4500
005
20251222144756.0
008
251222s9999||||xx |||||||||||||| ||spa||
082
_a
848.9/C45P
100
_a
Cesbron, Gilbert
245
0
_a
Perros perdidos sin collar
264
_b
CĂrculo de Lectores
942
_c
LIB
999
_c
19537
_d
19537